Historia del derecho penal de España / (Record no. 53113)

MARC details
000 -LEADER
campo de control de longitud fija 00811nam a2200193 i 4500
001 - NÚMERO DE CONTROL
campo de control 53113
003 - IDENTIFICADOR DE NÚMERO DE CONTROL
campo de control ES-MaACL
005 - FECHA Y HORA DE LA ÚLTIMA TRANSACCIÓN
campo de control 20251001144822.0
007 - CAMPO FIJO DE DESCRIPCIÓN FÍSICA--INFORMACIÓN GENERAL
campo de control de longitud fija t|
008 - DATOS DE LONGITUD FIJA--INFORMACIÓN GENERAL
campo de control de longitud fija 940301s1872 sp |||| | spa d
100 1# - ENTRADA PRINCIPAL--NOMBRE DE PERSONA
Nombre de persona Du Boys, Albert.
9 (RLIN) 126846
245 10 - MENCIÓN DEL TÍTULO
Título Historia del derecho penal de España /
Mención de responsabilidad, etc. por Alberto du Boys para servir de continuación a la Historia del derecho penal de los pueblos modernos, del mismo autor ; versión al castellano, anotada y adicionada con apéndices por José Vicente y Caravantes.
260 ## - PUBLICACIÓN, DISTRIBUCIÓN, ETC.
Lugar de publicación, distribución, etc. Madrid :
Nombre del editor, distribuidor, etc. [s.n.],
Fecha de publicación, distribución, etc. 1872 (
Fabricante Imp. de José María Pérez)
300 ## - DESCRIPCIÓN FÍSICA
Extensión VII, 568 p. ;
Dimensiones 20 cm.
650 04 - PUNTO DE ACCESO ADICIONAL DE MATERIA--TÉRMINO DE MATERIA
Término de materia o nombre geográfico como elemento de entrada Derecho penal-
Subdivisión geográfica España-
Subdivisión de forma Historia.
9 (RLIN) 11754
700 1# - ENTRADA AGREGADA--NOMBRE PERSONAL
Nombre de persona Vicente y Caravantes, José,
Fechas asociadas al nombre ca. 1820-1880
9 (RLIN) 133668
852 ## - LOCALIZACIÓN
Ubicación ES-MaACL
Número de control de estantería D-5114
Holdings
Estatus retirado Estado de pérdida Estado de daño No para préstamo Colección Biblioteca de origen Biblioteca actual Ubicación en estantería Fecha de adquisición Fuente de adquisición Total de préstamos Signatura topográfica completa Código de barras Visto por última vez Precio de reemplazo Tipo de ítem Koha
        Libros del s. XIX Biblioteca del Ateneo de Madrid Biblioteca del Ateneo de Madrid Sala Valle Inclán 17/01/2008     D-5114 901055810 23/02/2023 23/02/2023 Libro impreso antiguo